000 00689nam a22002057a 4500
005 20161205153100.0
010 _aENG-116741
020 _a9788184845358
_c1180.00
035 _aEN-100273
037 _bDBAD/PUB
082 _a631.580954
100 _aSinha,Subodh Kumar
245 _aProductivity in Indian agriculture :
_cby Subodh Kumar Sinha [and] Manindra K. Singh
_bchanging patterns, research and technology /
260 _aNew Delhi
_bRegal Publications
_c2016
270 _aF-159 Rajouri Garden
_bNew Delhi
_e110027
300 _axv,265p.:
_c23cm(Hb)
_bill
500 _aIncludes index
700 _a Manindra K. Singh
942 _2ddc
_cEN
_h631.580954
_mSIN
999 _c104962
_d104962